| 000 | 00526nam a22001577a 4500 | ||
|---|---|---|---|
| 999 |
_c511081 _d511081 |
||
| 020 | _a8176257389 | ||
| 082 | _aA6x5433 B179p\4 | ||
| 245 |
_aPunjab through the ages, vol. 4 _cedited by S.R. Bakshi and Rashmi Pathak |
||
| 260 |
_aNew Delhi _bSarup _c2007 |
||
| 300 | _a292p. | ||
| 440 |
_aStudies in contemporary Indian history _910133 |
||
| 650 |
_aPunjab (India) -- History _910243 |
||
| 650 |
_aPunjab (India) -- Politics and government _910244 |
||
| 700 |
_aBakshi, S.R., ed. _910134 |
||
| 700 |
_aPathak, Rashmi, ed. _910135 |
||